=LDR 00000nam 2200000 4500 =001 INLIS000000000020799 =005 20250428103636 =035 ##$$a 0010-061300000020799 =008 250428###########################0###### =041 ##$$a Ind =082 ##$$a 028.5 =090 ##$$a 028.5, Hid t =100 ##$$a Hidayat, Kidh =245 1#$$a Tauladan untuk anak sholeh ( kisah-kisah tauladan) , Kidh Hidayat /$c Kidh Hidayat =260 ##$$a Surabaya :$b Karya Gemilang Utama =300 ##$$a 86 hlm., ilus., 17 cm : $b ilus ; $c 17 13 cm =650 #4$$a Bacaan kanak-kanak =850 ##$$a NBPNMAT =084 ##$$a 028.5 HID t =990 ##$$a 0001/BPAP-NTB/2015 =990 ##$$a 05860586 =990 ##$$a 20615896 =990 ##$$a 0001/BPAP-NTB/2015